00434nam a2200169Ia 450000500170000000800410001704000190005804100120007708200200008910000100010924500340011926000370015330000150019050400190020565000300022485000100025420230329112215.0131103s9999 xx 000 0 und d aLoreto College aEnglish a822.91bELI-JON aJones 4aThe plays of T S EliotcJones aLondonbRoutledge and Kegan Paul axiv,242p.  aIncludes index aEnglish drama - criticism aLCLIB